Sports Quiz

Random Sports or NHL Quiz

Nhl starting line ups 2010-11 Quiz Stats

 Plays Quiz not verified by Sporcle

Score 0/180 Timer 20:00
0 Plays Today
TEAM PLAYER % Correct
ATLEvander Kane
73.9%
CHIJonathan Toews
71.9%
ANATeemu Selanne
69.8%
NYRMarc Staal
68.3%
PITSidney Crosby
64.8%
ANAJonas Hiller
63.8%
BUFRyan Miller
63.8%
BOSTuukka Rask
62.8%
ANASaku Koivu
62.3%
CALJarome Iginla
62.3%
MINMikko Koivu
62.3%
CHIMarian Hossa
61.3%
CARCam Ward
60.3%
NASJoel Ward
59.8%
SANJoe Thornton
58.3%
MINNiklas Backstrom
57.8%
CHIDuncan Keith
56.8%
CALMiikka Kiprusoff
56.3%
NJDMartin Brodeur
56.3%
PHIMike Richards
56.3%
VANHenrik Sedin
56.3%
VANDaniel Sedin
56.3%
CHIMarty Turco
55.8%
BUFDerek Roy
53.8%
CBJSteve Mason
53.8%
DETJimmy Howard
53.8%
MONCarey Price
53.8%
COLCraig Anderson
53.3%
CHIBrent Seabrook
52.3%
PITEvgeni Malkin
52.3%
LAKJonathan Quick
51.3%
SANAntti Niemi
51.3%
ATLOndrej Pavelec
50.8%
LAKAnze Kopitar
50.8%
TAMMartin St Louis
50.8%
PHIJeff Carter
50.3%
VANRoberto Luongo
50.3%
NYRMarian Gaborik
49.7%
NYRHenrik Lundqvist
49.7%
CALOlli Jokinen
49.2%
CARJussi Jokinen
49.2%
PITMarc-Andre Fleury
47.2%
TAMSteven Stamkos
47.2%
TAMMike Smith
47.2%
NASPekka Rinne
46.7%
BOSNathan Horton
46.2%
FLATomas Vokoun
46.2%
NJDPatrik Elias
45.7%
DALKari Lehtonen
45.2%
EDMNikolai Khabibulin
45.2%
NASShea Weber
45.2%
TAMVincent Lecavalier
45.2%
TORJean-Sebastian Giguere
45.2%
BOSDavid Krejci
43.7%
LAKDustin Brown
43.7%
MONScott Gomez
43.7%
TORDion Phaneuf
43.7%
COLPaul Stastny
43.2%
NYIRick DiPietro
42.7%
BOSMilan Lucic
42.2%
TEAM PLAYER % Correct
LAKDrew Doughty
42.2%
WASAlexander Semin
42.2%
ANAJason Blake
41.2%
ATLDustin Byfuglien
41.2%
DETJohan Franzen
41.2%
EDMAles Hemsky
41.2%
MONBrian Gionta
41.2%
PHOIlja Bryzgalov
41.2%
BUFTyler Myers
39.7%
SANDan Boyle
38.2%
STLJaroslav Halak
38.2%
DALBrenden Morrow
37.7%
CALAlex Tanguay
36.7%
EDMRyan Whitney
36.7%
LAKRyan Smyth
36.7%
PHORay Whitney
36.7%
DETBrian Rafalski
36.2%
ATLTobias Enstrom
35.7%
DALMike Ribeiro
35.7%
EDMDustin Penner
35.2%
PITChris Kunitz
35.2%
OTTSergei Gonchar
34.2%
NASRyan Suter
33.7%
NJDColin White
32.2%
CALIan White
31.7%
NJDJason Arnott
31.2%
OTTPascal Leclaire
31.2%
NJDJamie Langenbrunner
30.7%
CBJRJ Umberger
29.6%
ATLAnthony Stewart
28.6%
COLChris Stewart
28.6%
NASDavid Legwand
28.6%
OTTAlex Kovalev
28.6%
CARJoni Pitkanen
28.1%
MONHal Gill
27.6%
OTTMilan Michalek
27.6%
PITZbynek Michalek
27.6%
SANDevin Setoguchi
27.6%
TORFrancois Beauchemin
27.6%
BOSDennis Seidenberg
27.1%
FLABryan McCabe
27.1%
WASMichal Neuvirth
27.1%
CARTuomo Ruutu
26.6%
EDMSam Gagner
26.6%
VANMikael Samuelsson
26.1%
CALRobyn Regehr
25.6%
CARJeff Skinner
25.6%
NYIMatt Moulson
25.6%
VANKevin Bieksa
25.6%
PHOEd Jovanovski
25.1%
PITBrooks Orpik
25.1%
DALStephane Robidas
24.6%
DETTodd Bertuzzi
24.6%
CARJoe Corvo
24.1%
DETBrad Stuart
23.6%
MINAndrew Brunette
23.6%
DETValtteri Filppula
23.1%
VANDan Hamhuis
23.1%
WASBrooks Laich
22.6%
PHIMatt Carle
22.1%
TEAM PLAYER % Correct
ANACam Fowler
21.6%
PHISergei Bobrovsky
21.1%
STLEric Brewer
21.1%
BUFDrew Stafford
20.1%
CBJRostislav Klesla
20.1%
NYRAlexander Frolov
20.1%
WASTom Poti
18.6%
BUFTyler Ennis
18.1%
ATLRich Peverley
17.6%
LAKWillie Mitchell
17.1%
PHOMartin Hanzal
17.1%
WASTomas Fleischman
17.1%
TAMPavel Kubina
16.6%
WASJohn Carlson
16.6%
SANDouglas Murray
15.1%
STLAlexander Steen
15.1%
CHITomas Kopecky
14.6%
MINAntti Miettinen
13.6%
MONJosh Gorges
13.6%
PHIAndrej Meszaros
13.1%
ANAPaul Mara
12.6%
FLARadek Dvorak
12.6%
FLACory Stillman
12.6%
TORColby Armstrong
12.6%
COLScott Hannan
11.6%
MONBenoit Pouliot
11.6%
NYITrent Hunter
11.6%
NYRMichal Rozsival
11.6%
PHORadim Vrbata
11.6%
TORTim Brent
11.1%
CBJEthan Moreau
10.1%
CBJSamuel Pahlsson
10.1%
PHIDan Carcillo
10.1%
FLADmitry Kulikov
9.5%
MINCam Barker
9.5%
PHOAdrian Aucoin
9.5%
COLKyle Quincey
9%
EDMKurtis Foster
8.5%
BOSMatt Hunwick
8%
COLTJ Galiardi
8%
OTTPeter Regin
8%
NYRErik Christensen
7.5%
MINGreg Zanon
7%
DALNicklas Grossman
6.5%
NYIMark Eaton
6%
BUFShaone Morrisonn
5.5%
NYIRadek Martinek
5.5%
OTTChris Campoli
5.5%
SANJamie McGinn
5.5%
STLJay McClement
5.5%
CBJMarc Methot
5%
TORFredrik Sjostrom
5%
DALAdam Burish
4.5%
NYIZenon Konopka
4%
TAMMike Lundin
4%
STLRoman Polak
3.5%
FLAShawn Matthias
3%
STLBJ Crombeen
2.5%
NASJerred Smithson
2%
NJDMatt Taormina
2%

You're not logged in!

Compare scores with friends on all Sporcle quizzes.
OR
Log In

Show Comments

Extras

Top Quizzes Today


Score Distribution

Your Account Isn't Verified!

In order to create a playlist on Sporcle, you need to verify the email address you used during registration. Go to your Sporcle Settings to finish the process.

Report this User

Report this user for behavior that violates our Community Guidelines.

Details: